[Event "4NCL/Div1/3CS1 vs. WGR1"]
[Site "West Bromwich ENG"]
[Date "2004.05.01"]
[Round "7.6"]
[White "Emms, John M"]
[Black "Longson, Alexander"]
[Result "1-0"]
[WhiteElo "2508"]
[BlackElo "2267"]
[PlyCount "69"]
[EventDate "2004.05.01"]

1. e4 c5 2. Nc3 Nc6 3. Nf3 g6 4. d4 cxd4 5. Nxd4 Bg7 6. Be3 Nf6 7. Bc4 Qa5 8.
O-O d6 9. h3 O-O 10. Bb3 Bd7 11. Re1 Rfe8 12. Qe2 Nxd4 13. Bxd4 Bc6 14. Rad1
Rac8 15. Nd5 Bxd5 16. exd5 a6 17. c3 Qc7 18. Rd3 b5 19. Re3 Kf8 20. a3 Qb7 21.
Qf3 Rc7 22. Kh1 Ng8 23. Qf4 Bh6 24. Qh4 Bxe3 25. Rxe3 h6 26. Rf3 a5 27. Qf4 f6
28. Qg4 g5 29. h4 Rb8 30. hxg5 Qc8 31. Qh4 hxg5 32. Qxg5 Qe8 33. Qf5 Qf7 34.
Rh3 Ke8 35. Rh7 1-0

[Event "4NCL/Div1/3CS1 vs. WGR1"]
[Site "West Bromwich ENG"]
[Date "2004.05.01"]
[Round "7.7"]
[White "Shaw, David A"]
[Black "Levitt, Jonathan P"]
[Result "1/2-1/2"]
[WhiteElo "2165"]
[BlackElo "2425"]
[PlyCount "55"]
[EventDate "2004.05.01"]

1. e4 e6 2. d4 d5 3. Nc3 Bb4 4. e5 c5 5. a3 Bxc3+ 6. bxc3 Ne7 7. Qg4 Qc7 8.
Qxg7 Rg8 9. Qxh7 cxd4 10. Ne2 dxc3 11. f4 b6 12. Ng3 Nd7 13. Nh5 Bb7 14. Nf6+
Nxf6 15. exf6 O-O-O 16. fxe7 Qxe7 17. a4 d4 18. a5 b5 19. a6 Bxg2 20. Bxg2 Rxg2
21. h4 d3 {(=)} 22. cxd3 Qc5 23. Rf1 Qf5 24. Qxf5 exf5 25. Rf2 Rg1+ 26. Rf1 Rg2
27. Rf2 Rg1+ 28. Rf1 1/2-1/2

[Event "4NCL/Div1/3CS1 vs. WGR1"]
[Site "West Bromwich ENG"]
[Date "2004.05.01"]
[Round "7.8"]
[White "Hunt, Harriet"]
[Black "Bentley, John L"]
[Result "1-0"]
[WhiteElo "2392"]
[BlackElo "2218"]
[PlyCount "63"]
[EventDate "2004.05.01"]

1. e4 c5 2. Nf3 Nc6 3. Bb5 g6 4. Bxc6 dxc6 5. d3 Bg7 6. h3 e5 7. Be3 b6 8. Qd2
f6 9. Nc3 Ne7 10. Bh6 Rg8 11. Ne2 Be6 12. a4 g5 13. Bxg7 Rxg7 14. h4 h6 15. Ng3
Bg4 16. hxg5 hxg5 17. Nh2 Qd7 18. a5 b5 19. Qc3 Be6 20. Qxc5 Qd4 21. Qxd4 exd4
22. b4 Rh7 23. Kd2 O-O-O 24. Nf3 Rf7 25. Ne2 c5 26. bxc5 Nc6 27. Rh6 Bg4 28.
Nfg1 Ne5 29. f3 Be6 30. a6 Kc7 31. f4 Ng4 32. Rh5 1-0

[Event "4NCL/Div1/GUI1 vs. WGR2"]
[Site "West Bromwich ENG"]
[Date "2004.05.01"]
[Round "7.1"]
[White "Plaskett, James"]
[Black "Littlewood, Paul E"]
[Result "1/2-1/2"]
[WhiteElo "2483"]
[BlackElo "2390"]
[PlyCount "67"]
[EventDate "2004.05.01"]

1. Nf3 Nf6 2. d4 g6 3. c4 Bg7 4. Nc3 O-O 5. e4 d6 6. Be2 e5 7. O-O Na6 8. Re1
c6 9. Bf1 Qe7 10. d5 c5 11. Rb1 Ne8 12. g3 f5 13. exf5 gxf5 14. Nh4 Qf7 15. Bh3
Nac7 16. a3 b5 17. cxb5 Rb8 18. a4 a6 19. b4 e4 20. Bd2 axb5 21. bxc5 b4 22.
Ne2 dxc5 23. Bf4 Ra8 24. Qc2 Nxd5 25. Qxc5 Be6 26. Bd2 Nec7 27. Qc2 Na6 28. Nf4
Rac8 29. Qd1 Nxf4 30. Bxf4 Nc5 31. Rxb4 Nd3 32. Rb5 Nxe1 33. Qxe1 Qd7 34. Be5
1/2-1/2

[Event "4NCL/Div1/GUI1 vs. WGR2"]
[Site "West Bromwich ENG"]
[Date "2004.05.01"]
[Round "7.2"]
[White "Sowray, Peter J"]
[Black "Cherniaev, Alexander"]
[Result "0-1"]
[WhiteElo "2360"]
[BlackElo "2480"]
[PlyCount "58"]
[EventDate "2004.05.01"]

1. Nf3 d5 2. b3 c6 3. Bb2 Bf5 4. e3 e6 5. d3 h6 6. Nbd2 Nf6 7. Qe2 Nbd7 8. g3
Be7 9. Bg2 Bh7 10. O-O O-O 11. e4 Qc7 12. a3 a5 13. c4 Rfd8 14. exd5 cxd5 15.
Rfe1 Nc5 16. Ne5 dxc4 17. dxc4 Rxd2 18. Qxd2 Nxb3 19. Qc3 Nxa1 20. Bxa1 Rd8 21.
h4 Bc5 22. Qb2 b6 23. Nc6 Rd3 24. Qb5 Rd2 25. Be5 Qd7 26. Rf1 Bd3 27. Bxf6 gxf6
28. Ra1 Rxf2 29. Kh1 Rxg2 0-1

[Event "4NCL/Div1/GUI1 vs. WGR2"]
[Site "West Bromwich ENG"]
[Date "2004.05.01"]
[Round "7.3"]
[White "Rowson, Jonathan"]
[Black "Rechel, Bernd"]
[Result "1-0"]
[WhiteElo "2547"]
[BlackElo "2420"]
[PlyCount "53"]
[EventDate "2004.05.01"]

1. d4 Nf6 2. c4 g6 3. Nc3 Bg7 4. e4 d6 5. f3 O-O 6. Be3 Nbd7 7. Qd2 c5 8. d5
Ne5 9. Bg5 Re8 10. f4 Ned7 11. Nf3 e6 12. dxe6 Rxe6 13. Bd3 b5 14. O-O b4 15.
Nd5 Qa5 16. e5 Nxd5 17. cxd5 Re8 18. e6 c4 19. exd7 Bxd7 20. Bc2 Bxb2 21. f5
Bc3 22. Qf4 Bxa1 23. Rxa1 b3 24. Bf6 Qc5+ 25. Bd4 Qxd5 26. Qh6 Re5 27. f6 1-0

[Event "4NCL/Div1/GUI1 vs. WGR2"]
[Site "West Bromwich ENG"]
[Date "2004.05.01"]
[Round "7.4"]
[White "Tiller, Bjorn"]
[Black "Conquest, Stuart C"]
[Result "1-0"]
[WhiteElo "2395"]
[BlackElo "2524"]
[PlyCount "66"]
[EventDate "2004.05.01"]

1. e4 c5 2. d3 Nc6 3. f4 d5 4. Be2 e6 5. Nf3 Bd6 6. c4 Nge7 7. O-O O-O 8. Nc3
b6 9. Kh1 a6 10. cxd5 exd5 11. e5 Bb8 12. d4 c4 13. Be3 b5 14. Rg1 f5 15. exf6
Rxf6 16. Ne5 Ba7 17. Bf3 Bb7 18. g4 Rf8 19. Nxc6 Bxc6 20. f5 Qd6 21. Qd2 Rae8
22. Bf4 Qd8 23. Rae1 Nc8 24. Be5 a5 25. Qg2 Nb6 26. Ne2 Rf7 27. Nf4 b4 28. Ne6
Qc8 29. Qh3 Rfe7 30. g5 Nd7 31. Bxg7 Rxg7 32. Nxg7 Rxe1 33. Rxe1 Nf8 1-0

[Event "4NCL/Div1/GUI1 vs. WGR2"]
[Site "West Bromwich ENG"]
[Date "2004.05.01"]
[Round "7.5"]
[White "Gallagher, Joseph G"]
[Black "Law, Andrew P"]
[Result "1-0"]
[WhiteElo "2531"]
[BlackElo "2310"]
[PlyCount "33"]
[EventDate "2004.05.01"]

1. e4 e5 2. Nf3 Nc6 3. Nc3 Nf6 4. Bb5 Nd4 5. O-O Nxb5 6. Nxb5 d6 7. d4 exd4 8.
Qxd4 Be7 9. e5 dxe5 10. Qxe5 O-O 11. Bg5 a6 12. Rad1 Bd7 13. Nxc7 Rc8 14. Rfe1
h6 15. Bf4 Bb4 16. c3 Ne8 17. Nxe8 1-0

[Event "4NCL/Div1/GUI1 vs. WGR2"]
[Site "West Bromwich ENG"]
[Date "2004.05.01"]
[Round "7.6"]
[White "Tan, Desmond"]
[Black "Flear, Glenn C"]
[Result "0-1"]
[WhiteElo "2332"]
[BlackElo "2489"]
[PlyCount "72"]
[EventDate "2004.05.01"]

1. e4 e5 2. Nf3 Nc6 3. Bb5 a6 4. Ba4 Nf6 5. O-O Be7 6. Re1 b5 7. Bb3 d6 8. c3
O-O 9. d3 Na5 10. Bc2 c5 11. Nbd2 Re8 12. Nf1 Bb7 13. Ng3 Bf8 14. a3 h6 15. d4
cxd4 16. cxd4 exd4 17. Nxd4 g6 18. b4 Nc4 19. a4 Qd7 20. axb5 axb5 21. Rxa8
Bxa8 22. Qf3 Bg7 23. Nb3 Nd5 24. Rd1 Nxb4 25. Bb1 Qa7 26. h4 h5 27. Bf4 Na2 28.
Bxd6 Nxd6 29. Rxd6 Nc3 30. Bc2 Qe7 31. Rd3 b4 32. Qf4 Be5 33. Qd2 Qxh4 34. Nc5
Bf4 35. Qe1 Qg5 36. Bb3 Qxc5 0-1

[Event "4NCL/Div1/GUI1 vs. WGR2"]
[Site "West Bromwich ENG"]
[Date "2004.05.01"]
[Round "7.7"]
[White "Kosten, Anthony C"]
[Black "McDonald, Neil"]
[Result "1-0"]
[WhiteElo "2507"]
[BlackElo "2380"]
[PlyCount "75"]
[EventDate "2004.05.01"]

1. Nf3 d5 2. c4 e6 3. g3 Nf6 4. Bg2 Be7 5. O-O O-O 6. b3 d4 7. e3 c5 8. exd4
cxd4 9. d3 Nc6 10. a3 a5 11. Re1 Nd7 12. Nbd2 Nc5 13. Ne4 Na6 14. Qc2 e5 15.
Ned2 Qc7 16. Ne4 Bd7 17. Rb1 Rae8 18. c5 b6 19. cxb6 Qxb6 20. Ned2 f6 21. Nc4
Qb5 22. Bd2 Rb8 23. Nh4 g5 24. Nf3 Bf5 25. Bxg5 Nc5 26. Nfxe5 Nxe5 27. Rxe5
fxe5 28. Bxe7 Bxd3 29. Qd2 Qxc4 30. Rc1 Qf7 31. Bxc5 e4 32. Bxd4 Rbc8 33. Re1
Rce8 34. Qxa5 h6 35. Qb6 Kh7 36. b4 Re6 37. Qc5 Qd7 38. Qxf8 1-0

[Event "4NCL/Div1/GUI1 vs. WGR2"]
[Site "West Bromwich ENG"]
[Date "2004.05.01"]
[Round "7.8"]
[White "Gilbert, Jessie"]
[Black "Collas, Silvia"]
[Result "0-1"]
[WhiteElo "2133"]
[BlackElo "2331"]
[PlyCount "104"]
[EventDate "2004.05.01"]

1. d4 Nf6 2. c4 e6 3. Nf3 b6 4. g3 Ba6 5. Qa4 Be7 6. Bg2 O-O 7. O-O c6 8. Nc3
d5 9. cxd5 cxd5 10. Bf4 Qe8 11. Qxe8 Rxe8 12. Ne5 Nbd7 13. Nxd7 Nxd7 14. Rfc1
g5 15. Bd2 h6 16. Bf1 Rac8 17. e3 Bxf1 18. Kxf1 a6 19. Ne2 Nf6 20. Rxc8 Rxc8
21. Rc1 Rxc1+ 22. Nxc1 Ne4 23. Be1 g4 24. Nd3 f6 25. Kg2 Ng5 26. f4 gxf3+ 27.
Kf2 Bd6 28. h4 Ne4+ 29. Kxf3 Kf7 30. Nc1 Kg6 31. Ne2 h5 32. Nf4+ Bxf4 33. Kxf4
Nd6 34. Bb4 Nc4 35. Bc3 Nd6 36. Bb4 Nf5 37. Be1 b5 38. Bd2 Ne7 39. Bb4 Nc6 40.
Bc3 b4 41. Be1 e5+ 42. dxe5 fxe5+ 43. Kf3 Kf5 44. a3 e4+ 45. Ke2 bxa3 46. bxa3
Kg4 47. a4 Ne7 48. Bc3 Nf5 49. Bf6 Kxg3 50. Kd2 Nxh4 51. Kc3 Nf5 52. Kb4 Nxe3
0-1

[Event "4NCL/Div1/WGR1 vs. BAR1"]
[Site "West Bromwich ENG"]
[Date "2004.05.02"]
[Round "8.1"]
[White "McShane, Luke"]
[Black "Parker, Jonathan"]
[Result "1/2-1/2"]
[WhiteElo "2656"]
[BlackElo "2541"]
[PlyCount "145"]
[EventDate "2004.05.02"]

1. e4 e5 2. Nf3 Nc6 3. Bb5 Nf6 4. O-O Nxe4 5. d4 Nd6 6. Bxc6 dxc6 7. dxe5 Nf5
8. Qxd8+ Kxd8 9. Nc3 a5 10. h3 Ke8 11. b3 Bb4 12. Ne4 a4 13. c3 Be7 14. b4 b6
15. a3 Be6 16. Bf4 h6 17. g4 Nh4 18. Nfd2 Rd8 19. Bg3 h5 20. f3 hxg4 21. hxg4
c5 22. Kf2 cxb4 23. cxb4 Ng6 24. Rfc1 Rd7 25. Rc3 Kd8 26. Rac1 Kc8 27. Nf1 Bh4
28. Bxh4 Rxh4 29. Kg3 Rh1 30. Nf2 Rg1+ 31. Kh2 Rxf1 32. Rxf1 Nxe5 33. Rd1 Rxd1
34. Nxd1 Bb3 35. Nb2 Kd7 36. Kg3 Kd6 37. f4 Nd7 38. Rd3+ Ke7 39. Re3+ Kd6 40.
Rd3+ Ke7 41. b5 Nc5 42. Rd4 g6 43. Kf3 f6 44. Nd1 Nb7 45. Nc3 Nd6 46. Rb4 Ke6
47. Nxa4 Bxa4 48. Rxa4 Nxb5 49. Ra8 Nd4+ 50. Ke3 Nc6 51. a4 Ne7 52. Kd4 Kd6 53.
Kc4 c6 54. Kd4 Nd5 55. Ke4 Ke6 56. Re8+ Ne7 57. Kf3 Kd7 58. Rf8 Ke6 59. Rb8 Nd5
60. Rb7 Kd6 61. Kg3 Ke6 62. Kh4 Kd6 63. Kg3 Ke6 64. Kf3 Kd6 65. Rg7 Ne7 66. Rh7
Ke6 67. Rh6 Kf7 68. Ke4 Ke6 69. Rh1 Nd5 70. Rc1 Ne7 71. g5 f5+ 72. Kf3 Kd6 73.
Rh1 1/2-1/2

[Event "4NCL/Div1/WGR1 vs. BAR1"]
[Site "West Bromwich ENG"]
[Date "2004.05.02"]
[Round "8.3"]
[White "Turner, Matthew J"]
[Black "Trent, Lawrence"]
[Result "0-1"]
[WhiteElo "2506"]
[BlackElo "2373"]
[PlyCount "60"]
[EventDate "2004.05.02"]

1. g3 g6 2. Nf3 Bg7 3. Bg2 Nf6 4. c4 O-O 5. O-O d6 6. d4 Nc6 7. Na3 e5 8. dxe5
dxe5 9. Nb5 Qe7 10. b3 Rd8 11. Qe1 a5 12. Bb2 e4 13. Ng5 Bf5 14. f3 e3 15. g4
Bc8 16. Qg3 h6 17. Nxc7 hxg5 18. Nxa8 Ne4 19. fxe4 Bxb2 20. Nb6 Be5 21. Nxc8
Rxc8 22. Qe1 Qc7 23. Rd1 Bxh2+ 24. Kh1 Ne5 25. Rd5 Nxg4 26. e5 Bxe5 27. Qxa5 b6
28. Qb5 Bc3 29. Re5 Qxe5 30. Qxe5 Bxe5 0-1

[Event "4NCL/Div1/WGR1 vs. BAR1"]
[Site "West Bromwich ENG"]
[Date "2004.05.02"]
[Round "8.5"]
[White "Ward, Christopher"]
[Black "Ferguson, Mark"]
[Result "1/2-1/2"]
[WhiteElo "2500"]
[BlackElo "2381"]
[PlyCount "82"]
[EventDate "2004.05.02"]

1. c4 e5 2. Nc3 Nf6 3. g3 d5 4. cxd5 Nxd5 5. Bg2 Nb6 6. Nf3 Nc6 7. O-O Be7 8.
a3 O-O 9. b4 Be6 10. Rb1 f6 11. d3 a5 12. b5 Nd4 13. Nd2 Rb8 14. e3 Nf5 15. Qe2
Nd5 16. Nde4 Qd7 17. Rd1 Rfd8 18. Qc2 b6 19. Ne2 Rbc8 20. d4 exd4 21. Nxd4 Nxd4
22. Rxd4 Qe8 23. Qd3 Qf7 24. Bb2 f5 25. Nc3 Nxc3 26. Bxc3 Bf6 27. Rxd8+ Rxd8
28. Qc2 Bxc3 29. Qxc3 Qd7 30. Bf3 Qd3 31. Qb2 Bd5 32. Bxd5+ Rxd5 33. a4 {(=)}
33... Rc5 34. Rc1 Qd5 35. h4 c6 36. bxc6 Rxc6 37. Rxc6 Qxc6 38. Qb3+ Kf8 39. h5
Qc1+ 40. Kg2 Qc6+ 41. Kg1 Qc1+ 1/2-1/2

[Event "4NCL/Div1/WGR1 vs. BAR1"]
[Site "West Bromwich ENG"]
[Date "2004.05.02"]
[Round "8.7"]
[White "Baburin, Alexander"]
[Black "Palliser, Richard"]
[Result "1-0"]
[WhiteElo "2548"]
[BlackElo "2399"]
[PlyCount "79"]
[EventDate "2004.05.02"]

1. d4 Nf6 2. Nf3 c5 3. d5 e6 4. c4 d6 5. Nc3 exd5 6. cxd5 g6 7. Nd2 Bg7 8. Nc4
O-O 9. g3 Qe7 10. Bg2 Na6 11. O-O Nc7 12. a4 b6 13. Nxd6 Qxd6 14. Bf4 Qd7 15.
d6 Ne6 16. Bxa8 Nxf4 17. gxf4 Qg4+ 18. Bg2 Bb7 19. e4 Qxf4 20. Qd3 Ba6 21. Qg3
Qxg3 22. hxg3 Bxf1 23. Kxf1 Ng4 24. Bh3 f5 25. Re1 Be5 26. exf5 gxf5 27. Bxg4
Bxc3 28. bxc3 fxg4 29. Re7 Rd8 30. d7 Kf8 31. Rxh7 Kg8 32. Re7 Kf8 33. Re8+
Rxe8 34. dxe8=Q+ Kxe8 35. f4 a6 36. c4 Kd7 37. Ke2 Kc6 38. Kd3 b5 39. cxb5+
axb5 40. a5 1-0

[Event "4NCL/Div1/SLO1 vs. 3CS1"]
[Site "West Bromwich ENG"]
[Date "2004.05.02"]
[Round "8.1"]
[White "Spraggett, Kevin"]
[Black "Davies, Nigel R"]
[Result "1/2-1/2"]
[WhiteElo "2564"]
[BlackElo "2512"]
[PlyCount "84"]
[EventDate "2004.05.02"]

1. e4 e5 2. Nf3 Nc6 3. Bb5 a6 4. Ba4 Nf6 5. O-O Be7 6. Re1 b5 7. Bb3 d6 8. c3
O-O 9. d3 Na5 10. Bc2 c5 11. Nbd2 Re8 12. Nf1 h6 13. Ng3 Nc6 14. h3 Bf8 15. d4
Bd7 16. Be3 cxd4 17. cxd4 Rc8 18. Rc1 exd4 19. Nxd4 d5 20. exd5 Nxd5 21. Qd3
Nf6 22. Nxc6 Bxc6 23. Nh5 Qxd3 24. Nxf6+ gxf6 25. Bxd3 Bd5 26. b3 Be6 27. Rxc8
Rxc8 28. Kf1 Kg7 29. Ke2 a5 30. Rc1 Rxc1 31. Bxc1 a4 32. bxa4 bxa4 33. a3 f5
34. Bb2+ Kg6 35. f4 Bd6 36. g3 Bd7 37. Bc4 h5 38. h4 Bc6 39. Bd3 Bc5 40. Kf1
Bd7 41. Ke2 Bc6 42. Kf1 Bd7 1/2-1/2

[Event "4NCL/Div1/SLO1 vs. 3CS1"]
[Site "West Bromwich ENG"]
[Date "2004.05.02"]
[Round "8.3"]
[White "Houska, Jovanka"]
[Black "Jonkman, Harmen"]
[Result "0-1"]
[WhiteElo "2390"]
[BlackElo "2421"]
[PlyCount "78"]
[EventDate "2004.05.02"]

1. e4 e5 2. Nc3 Nf6 3. Nf3 Nc6 4. g3 Bc5 5. Bg2 d6 6. d3 a6 7. h3 h6 8. Be3
Bxe3 9. fxe3 Ne7 10. Qe2 Ng6 11. d4 Qe7 12. O-O-O b5 13. dxe5 Nxe5 14. Nd5 Nxd5
15. exd5 O-O 16. Nxe5 Qxe5 17. g4 f5 18. Rhf1 Bd7 19. gxf5 Rae8 20. Rd3 Rxf5
21. Rxf5 Bxf5 22. Rc3 Qh2 23. Bf1 Qg3 24. a3 Bxh3 25. Bxh3 Qxh3 26. b3 Qg3 27.
Kb1 Re7 28. Ka2 Qe5 29. Rc6 Qxd5 30. Rxa6 Qe4 31. Qd2 Re5 32. Ra7 Rd5 33. Qe2
Rc5 34. Kb2 h5 35. a4 b4 36. Kb1 h4 37. a5 h3 38. a6 Ra5 39. Rxc7 Qh1+ 0-1

[Event "4NCL/Div1/SLO1 vs. 3CS1"]
[Site "West Bromwich ENG"]
[Date "2004.05.02"]
[Round "8.4"]
[White "Gordon, Stephen J"]
[Black "Shaw, John"]
[Result "1-0"]
[WhiteElo "2284"]
[BlackElo "2444"]
[PlyCount "97"]
[EventDate "2004.05.02"]

1. d4 d5 2. c4 c6 3. Nf3 Nf6 4. Nc3 dxc4 5. a4 Bf5 6. e3 e6 7. Bxc4 Bb4 8. O-O
O-O 9. Qe2 Bg6 10. Ne5 Nbd7 11. Nxg6 hxg6 12. Na2 Be7 13. Rd1 Qc7 14. b4 Bd6
15. g3 e5 16. Bb2 e4 17. Rac1 Nb6 18. d5 Qe7 19. dxc6 bxc6 20. Bxf6 gxf6 21. a5
Nxc4 22. Rxc4 Rab8 23. Qc2 f5 24. Rxc6 Bxb4 25. Qc4 Bxa5 26. Rxg6+ Kh7 27. Rgd6
Rb1 28. Rxb1 Qxd6 29. Qb5 Bb6 30. Qxf5+ Qg6 31. Qxg6+ Kxg6 32. Nc3 f5 33. Nd5
Rd8 34. Nxb6 Rb8 35. Rb5 axb6 36. Kg2 Kf6 37. h4 Ke6 38. h5 Kd6 39. h6 Kc6 40.
Rxf5 b5 41. Rh5 b4 42. h7 Rh8 43. g4 b3 44. Rh1 Kd5 45. Kg3 b2 46. Rb1 Rxh7 47.
Rxb2 Rf7 48. Rb5+ Ke6 49. Rf5 1-0

[Event "4NCL/Div1/SLO1 vs. 3CS1"]
[Site "West Bromwich ENG"]
[Date "2004.05.02"]
[Round "8.5"]
[White "McNab, Colin A"]
[Black "Ashton, Adam G"]
[Result "1-0"]
[WhiteElo "2422"]
[BlackElo "2249"]
[PlyCount "79"]
[EventDate "2004.05.02"]

1. c4 Nf6 2. g3 c6 3. Nf3 d5 4. b3 Bg4 5. Bg2 Nbd7 6. Bb2 e6 7. O-O Bd6 8. d3
Qe7 9. a3 a5 10. Nbd2 O-O 11. h3 Bh5 12. Ra2 b5 13. Nd4 bxc4 14. Nxc6 Qe8 15.
bxc4 Nc5 16. Ne5 Rb8 17. Nef3 Be7 18. Be5 Rb7 19. Qa1 a4 20. Re1 Nb3 21. Qc3
Qd7 22. Nd4 Nxd4 23. Bxd4 Rc8 24. Qa1 Ne8 25. cxd5 exd5 26. e4 dxe4 27. dxe4
Rbc7 28. e5 Rc2 29. Be3 Qe6 30. Rxc2 Rxc2 31. Qd4 Bc5 32. Qxa4 Bg6 33. Bxc5
Rxc5 34. Qd4 Qe7 35. a4 Nc7 36. Nb3 Ne6 37. Qb4 Rc7 38. Qxe7 Rxe7 39. Rc1 Re8
40. a5 1-0

[Event "4NCL/Div1/SLO1 vs. 3CS1"]
[Site "West Bromwich ENG"]
[Date "2004.05.02"]
[Round "8.6"]
[White "Clarke, Stuart W"]
[Black "Dearing, Eddie"]
[Result "1-0"]
[WhiteElo "2310"]
[BlackElo "2378"]
[PlyCount "69"]
[EventDate "2004.05.02"]

1. e4 c5 2. c3 Nf6 3. e5 Nd5 4. d4 cxd4 5. Nf3 e6 6. cxd4 d6 7. Bc4 Nc6 8. O-O
Be7 9. Bd2 O-O 10. Re1 Nb6 11. Bb3 Bd7 12. Qe2 Rc8 13. h3 Re8 14. a3 a6 15. Ba2
Na4 16. Nc3 Nxc3 17. Bxc3 Qb6 18. Qd2 dxe5 19. dxe5 Red8 20. Qf4 Be8 21. Ng5
Nd4 22. Rac1 Nb5 23. Bd2 Rxc1 24. Bxc1 h6 25. Ne4 Nd4 26. Bb1 Bc6 27. Nf6+ Kh8
28. Nh5 Bf8 29. Qxf7 Qa5 30. b4 Qd5 31. Nf4 Ne2+ 32. Rxe2 Qd1+ 33. Kh2 Qxc1 34.
Ng6+ Kh7 35. Ne7+ 1-0

[Event "4NCL/Div1/SLO1 vs. 3CS1"]
[Site "West Bromwich ENG"]
[Date "2004.05.02"]
[Round "8.7"]
[White "Howell, David W L"]
[Black "Longson, Alexander"]
[Result "1-0"]
[WhiteElo "2332"]
[BlackElo "2267"]
[PlyCount "63"]
[EventDate "2004.05.02"]

1. e4 c5 2. c3 d5 3. exd5 Qxd5 4. d4 Nf6 5. Nf3 Bg4 6. dxc5 Qxd1+ 7. Kxd1 e5 8.
b4 e4 9. h3 Bh5 10. g4 Nxg4 11. hxg4 Bxg4 12. Nbd2 exf3 13. Bd3 Be7 14. Nc4 Nd7
15. Kc2 O-O-O 16. Bf4 Bxc5 17. bxc5 Nxc5 18. Bf1 Ne4 19. Be3 f6 20. Bh3 h5 21.
Bxa7 Bxh3 22. Rxh3 b5 23. Nb2 Rd2+ 24. Kb3 Nxf2 25. Rxf3 Ng4 26. a4 bxa4+ 27.
Rxa4 Kd7 28. Nd3 g5 29. Rd4+ Kc7 30. Rf5 Ne5 31. Nxe5 Rxd4 32. Bxd4 1-0

[Event "4NCL/Div1/SLO1 vs. 3CS1"]
[Site "West Bromwich ENG"]
[Date "2004.05.02"]
[Round "8.8"]
[White "Bentley, John L"]
[Black "Devereaux, Maxim"]
[Result "1/2-1/2"]
[WhiteElo "2218"]
[BlackElo "2325"]
[PlyCount "69"]
[EventDate "2004.05.02"]

1. d4 Nf6 2. Nf3 e6 3. Bg5 c5 4. e3 b6 5. d5 exd5 6. Nc3 Be7 7. Nxd5 Bb7 8. Bc4
Nxd5 9. Bxd5 Nc6 10. Bf4 d6 11. h4 h6 12. c3 Qc7 13. Qa4 Bf6 14. Qe4+ Kf8 15.
Rd1 Rd8 16. O-O g6 17. Rd2 Kg7 18. Rfd1 Rhe8 19. Qc2 Nd4 20. cxd4 Bxd5 21. dxc5
Be4 22. Qb3 Qxc5 23. Nd4 Qh5 24. Qb5 Qxh4 25. f3 Ba8 26. Nc6 {(=)} 26... Bxc6
27. Qxc6 Be5 28. Bxe5+ dxe5 29. Rd7 Rxd7 30. Qxd7 Re7 31. Qd8 Qb4 32. Rc1 g5
33. Rc8 Re6 34. Qh8+ Kg6 35. g4 1/2-1/2

[Event "4NCL/Div1/RIC vs. BET"]
[Site "West Bromwich ENG"]
[Date "2004.05.02"]
[Round "8.1"]
[White "Wall, Gavin"]
[Black "Ledger, Andrew J"]
[Result "0-1"]
[WhiteElo "2413"]
[BlackElo "2443"]
[PlyCount "78"]
[EventDate "2004.05.02"]

1. e4 c6 2. d4 d5 3. e5 Bf5 4. Be3 e6 5. Nd2 Nd7 6. Ngf3 f6 7. exf6 Ngxf6 8.
Nh4 Bd6 9. Nxf5 exf5 10. Qf3 g6 11. O-O-O Qc7 12. g3 O-O-O 13. c4 dxc4 14. Nxc4
Nd5 15. Nxd6+ Qxd6 16. Bg5 Rde8 17. Bd3 Nf8 18. Rhe1 Ne6 19. Be3 Re7 20. Bc4
Rhe8 21. h4 f4 22. gxf4 Nexf4 23. Bd2 Rxe1 24. Rxe1 Rxe1+ 25. Bxe1 Qe7 26. Qg4+
Kc7 27. Bd2 Qe4 28. Qg3 Kd7 29. Qg4+ Qe6 30. f3 Qf5 31. Qxf5+ gxf5 32. Kc2 Ke7
33. a4 Kf6 34. b4 Kg6 35. b5 Ng2 36. bxc6 bxc6 37. Kb3 Nxh4 38. Be2 Ng2 39. Kc4
Ngf4 {time} 0-1

[Event "4NCL/Div1/RIC vs. BET"]
[Site "West Bromwich ENG"]
[Date "2004.05.02"]
[Round "8.2"]
[White "Pert, Richard G"]
[Black "Cech, Pavel"]
[Result "1/2-1/2"]
[WhiteElo "2424"]
[BlackElo "2395"]
[PlyCount "118"]
[EventDate "2004.05.02"]

1. d4 d5 2. c4 c6 3. e3 Nf6 4. Nc3 e6 5. Nf3 Nbd7 6. Qc2 Bd6 7. g4 Nxg4 8. Rg1
Qf6 9. Rxg4 Qxf3 10. Rxg7 Nf8 11. Rg1 Bxh2 12. Be2 Qh3 13. Rf1 Bd7 14. Bd2 Ng6
15. O-O-O h5 16. f4 Ne7 17. Rh1 Nf5 18. Bf1 Qg3 19. Re1 Rg8 20. Re2 Bg1 21. Rg2
Qxg2 22. Bxg2 Rxg2 23. Qd1 Bxe3 24. Bxe3 Nxe3 25. Qf3 Rc2+ 26. Kb1 Rxc3 27.
bxc3 Nxc4 28. Qxh5 O-O-O 29. Qxf7 Nd6 30. Qg7 Nf5 31. Qf6 Ng3 32. Rh8 Rxh8 33.
Qxh8+ Kc7 34. Qe5+ Kc8 35. Qg7 Ne4 36. Qh8+ Kc7 37. Qe5+ Kc8 38. Qh8+ Kc7 39.
Qf8 Nd6 40. Kc2 Bc8 41. Qe7+ Bd7 42. Qf8 Nf5 43. Qc5 b6 44. Qf8 a5 45. Kd3 Nd6
46. Qg7 Nf5 47. Qe5+ Kb7 48. c4 dxc4+ 49. Kxc4 Kc8 50. Kd3 Kb7 51. Ke4 Ng3+ 52.
Kf3 Nf5 53. Kg4 Nh6+ 54. Kh5 Nf5 55. Kg6 Be8+ 56. Kg5 Bd7 57. Kf6 Kc8 58. Qe2
Kc7 59. Ke5 Kb7 1/2-1/2

[Event "4NCL/Div1/RIC vs. BET"]
[Site "West Bromwich ENG"]
[Date "2004.05.02"]
[Round "8.3"]
[White "Quinn, Mark"]
[Black "Pert, Nicholas"]
[Result "1/2-1/2"]
[WhiteElo "2400"]
[BlackElo "2499"]
[PlyCount "59"]
[EventDate "2004.05.02"]

1. d4 d5 2. c4 c6 3. Nf3 Nf6 4. Qb3 dxc4 5. Qxc4 Bf5 6. g3 e6 7. Bg2 Be7 8. O-O
Nbd7 9. e3 O-O 10. Rd1 Qb6 11. Nc3 Ne4 12. Ne1 Nxc3 13. bxc3 e5 14. e4 Bg4 15.
Rd2 Qa5 16. Nc2 Bg5 17. Ne3 Bxe3 18. fxe3 Rfd8 19. Qb3 Nb6 20. Ba3 Nc4 21. Qxc4
Qxa3 22. Qb3 Qe7 23. c4 c5 24. d5 Rd6 25. Rf2 g6 26. Raf1 h5 27. h3 Bc8 28. Kh2
Kg7 29. Qa3 Ra6 30. Qc3 1/2-1/2

[Event "4NCL/Div1/RIC vs. BET"]
[Site "West Bromwich ENG"]
[Date "2004.05.02"]
[Round "8.5"]
[White "Webb, Laurence E"]
[Black "Williams, Simon K"]
[Result "1/2-1/2"]
[WhiteElo "2337"]
[BlackElo "2411"]
[PlyCount "68"]
[EventDate "2004.05.02"]

1. e4 e6 2. d4 d5 3. Nc3 Bb4 4. e5 c5 5. Bd2 Nh6 6. Nb5 Bxd2+ 7. Qxd2 O-O 8. c3
Nc6 9. f4 cxd4 10. cxd4 f6 11. Nf3 fxe5 12. dxe5 Qb6 13. Rd1 Nf5 14. Nbd4 Nfxd4
15. Nxd4 Nxd4 16. Qxd4 Qa5+ 17. Rd2 Qxa2 18. Bd3 Qa1+ 19. Rd1 Qa5+ 20. b4 Qb6
21. Qxb6 axb6 22. g3 Bd7 23. O-O Ra3 24. Be2 Ra2 25. Bg4 Rc8 26. Ra1 Rxa1 27.
Rxa1 Kf7 28. Ra7 Rc7 29. Bf3 b5 30. Be2 Ke7 31. Kf2 Rc2 32. Rxb7 Rb2 33. h4
Rxb4 34. Bd3 g6 1/2-1/2

[Event "4NCL/Div1/RIC vs. BET"]
[Site "West Bromwich ENG"]
[Date "2004.05.02"]
[Round "8.6"]
[White "Hunt, Adam C"]
[Black "Hinks-Edwards, Thomas"]
[Result "1-0"]
[WhiteElo "2411"]
[BlackElo "2358"]
[PlyCount "101"]
[EventDate "2004.05.02"]

1. e4 c5 2. Nf3 d6 3. d4 Nf6 4. Nc3 cxd4 5. Nxd4 a6 6. Bc4 e6 7. O-O b5 8. Bb3
Be7 9. Qf3 Qb6 10. Bg5 O-O 11. Rad1 b4 12. Nce2 Nbd7 13. Ng3 Ne5 14. Qe2 a5 15.
Ba4 Ba6 16. Bb5 Bxb5 17. Nxb5 Rab8 18. Nd4 h6 19. Be3 Qc7 20. f4 Ned7 21. Kh1
Rfd8 22. Bc1 Bf8 23. e5 dxe5 24. fxe5 Qxe5 25. Nc6 Qxe2 26. Nxe2 Nd5 27. c4
bxc3 28. Nxc3 N7b6 29. Nxd8 Rxd8 30. Bd2 a4 31. Nxd5 Nxd5 32. Bc1 Bd6 33. Rd4
Ra8 34. Re1 a3 35. bxa3 Bxa3 36. Bxa3 Rxa3 37. Rd2 Kf8 38. Kg1 Ra5 39. Rb1 Ra7
40. Rb8+ Ke7 41. Rdb2 Ra4 42. R8b7+ Kf8 43. Rd7 g5 44. Rf2 Nf4 45. Kh1 Rc4 46.
Rf1 Ke8 47. Ra7 Rc2 48. a4 Ra2 49. g3 Nh3 50. Raxf7 Rxa4 51. Rh7 1-0